Normal view
MARC view
- JALAL, RAHEELA, , ZEESHAN
Entry Personal Name
001 - CONTROL NUMBER
- control field: 72032
003 - CONTROL NUMBER IDENTIFIER
- control field: NUST
005 - DATE AND TIME OF LATEST TRANSACTION
- control field: 20210628204730.0
008 - FIXED-LENGTH DATA ELEMENTS
- fixed length control field: 210628|| aca||aabn | a|a d
040 ## - CATALOGING SOURCE
- Original cataloging agency: NUST
- Transcribing agency: NUST
100 ## - HEADING--PERSONAL NAME
- Personal name: JALAL, RAHEELA, , ZEESHAN
670 ## - SOURCE DATA FOUND
- Source citation: Work cat.: (NUST): JALAL, RAHEELA, , ZEESHAN, PR-SOF-1268-DESIGN, ANALYSIS AND FABRICATION OF FIXED-PITCH DARRIEUS-TYPE VERTICAL AXIS WIND TURBINE, 2013
